000 00929nam a2200289 a 4500
003 MX-MxUPN
005 20230307113829.0
008 230216t2017 mx |||||r|||| 000 0 spa d
020 _a9786070743924
040 _aMX-MxUPN
_bspa
_cMX-MxUPN
041 1 _aspa
_heng
050 1 4 _aPR6045 O72
_bZ47 2017
100 1 _aWoolf, Virginia,
_d1882-1941
_930603
245 1 0 _aUna habitación propia
250 _aPrimera edición.
260 _aCiudad de México :
_bSeix Barral,
_c©2017, (reimpresión de 2021)
300 _a155 páginas
490 0 _aAustral singular
500 _aTraducción de: A room of one´s own.
600 1 0 _aWoolf, Virginia,
_d1882-1941
_930603
650 4 _aMujeres y literatura
_922479
650 4 _aAutoras
_xCondiciones económicas
_948066
650 4 _aAutoras
_xCondiciones sociales
_948067
902 _aMarisolLicea/160223
_bVíctor Ruiz/060323
942 _2lcc
_cLIBRO
999 _c209167
_d209167